Conflict without malice (Record no. 416001)

000 -LEADER
fixed length control field 00287cam a22001097a 4500
008 - FIXED-LENGTH DATA ELEMENTS--GENERAL INFORMATION
fixed length control field 180718b1955 xxu||||| |||| 00| 0 eng d
082 ## - DEWEY DECIMAL CLASSIFICATION NUMBER
Classification number A99 Sh63
100 ## - MAIN ENTRY--PERSONAL NAME
Personal name Shinwell, Emanuel
245 ## - TITLE STATEMENT
Title Conflict without malice
Statement of responsibility, etc. by Emanuel Shinwell
260 ## - PUBLICATION, DISTRIBUTION, ETC.
Place of publication, distribution, etc. London
Name of publisher, distributor, etc. Odhams
Date of publication, distribution, etc. 1955
300 ## - PHYSICAL DESCRIPTION
Extent 252p
Holdings
Withdrawn status Lost status Damaged status Not for loan Permanent Location Current Location Date acquired Full call number Barcode Date last seen Price effective from Koha item type
        Indian Institute of Public Administration Indian Institute of Public Administration 2009-03-09 A99 Sh63 2184 2018-07-21 2018-07-21 Book

Powered by Koha